Central Library OPAC University of Rajshahi

A survey of Asia's energy prices / (Record no. 4912)

MARC details
000 -LEADER
fixed length control field 01251cam a2200349 a 4500
001 - CONTROL NUMBER
control field 4912
003 - CONTROL NUMBER IDENTIFIER
rucl marc code BD-RjUL
005 - DATE AND TIME OF LATEST TRANSACTION
control field 20211208233957.0
008 - FIXED-LENGTH DATA ELEMENTS--GENERAL INFORMATION
fixed length control field 131223s1994 dcua s i000 0 eng
020 ## - INTERNATIONAL STANDARD BOOK NUMBER
International Standard Book Number 0821328603
035 ## - SYSTEM CONTROL NUMBER
System control number (BD-RjUL)4947
040 ## - CATALOGING SOURCE
Original cataloging agency DLC
Language of cataloging eng
Transcribing agency DLC
Modifying agency DLC
-- LC
-- BD-RjUL
041 ## - LANGUAGE CODE
Language code of text/sound track or separate title eng
082 00 - DEWEY DECIMAL CLASSIFICATION NUMBER
Classification number 333.79
Edition number 20
Author mark and year MAS 1994
100 1# - MAIN ENTRY--PERSONAL NAME
Personal name Malhotra, Anil K.,
Dates associated with a name 1939-
9 (RLIN) 15485
245 12 - TITLE STATEMENT
Title A survey of Asia's energy prices /
Statement of responsibility, etc. Anil K. Malhotra, Olivier Koenig, and Prasert Sinsukprasert.
260 ## - PUBLICATION, DISTRIBUTION, ETC. (IMPRINT)
Place of publication, distribution, etc. Washington, D.C. :
Name of publisher, distributor, etc. World Bank,
Date of publication, distribution, etc. c1994.
300 ## - PHYSICAL DESCRIPTION
Pagination vii, 184 p. :
Illustrations ill. ;
Size 27 cm.
490 1# - SERIES STATEMENT
Series statement World Bank technical paper,
Volume/sequential designation no. 248. Asia Technical Department series
650 #0 - SUBJECT ADDED ENTRY--TOPICAL TERM
Topical term or geographic name as entry element Electric utilities
General subdivision Rates
Geographic subdivision Asia
General subdivision Statistics.
9 (RLIN) 15486
Topical term or geographic name as entry element Petroleum products
General subdivision Prices
Geographic subdivision Asia
General subdivision Statistics.
9 (RLIN) 15487
Topical term or geographic name as entry element Fuel
General subdivision Prices
Geographic subdivision Asia
General subdivision Statistics.
9 (RLIN) 15488
700 1# - ADDED ENTRY--PERSONAL NAME
Personal name Koenig, Olivier,
Dates associated with a name 1946-
Personal name Sinsukprasert, Prasert,
Dates associated with a name 1966-
830 #0 - SERIES ADDED ENTRY--UNIFORM TITLE
Volume number/sequential designation no. 248.
830 #0 - SERIES ADDED ENTRY--UNIFORM TITLE
Uniform title World Bank technical paper.
Uniform title World Bank technical paper ;
942 ## - ADDED ENTRY ELEMENTS (KOHA)
Source of classification or shelving scheme Dewey Decimal Classification
Koha item type Books
Holdings
Lost status Source of classification or shelving scheme Damaged status Not for loan Collection code Permanent Location Current Location Shelving location Date acquired Source of acquisition Cost, normal purchase price Total Checkouts Full call number Date last seen Copy number Koha item type
  Dewey Decimal Classification   Not For Loan Non-fiction Central Library, University of Rajshahi Central Library, University of Rajshahi   02/07/1995 Midas, Dhaka 300.00   333.79 MAS 1994 23/12/2013 C-1 Books